000 00297nam a22001337a 4500
008 210305b ||||| |||| 00| 0 eng d
041 _aeng
080 _a7
082 _a7
100 _a44
101 _aART
245 _aThe Golden Age od French Cinema 1929-1939
_cMartin,W.J
942 _2udc
_cBK
999 _c55825
_d55825